Comentarios prc̀ticos al rǧimen fiscal de empresas constructoras 2020

Bibliographic Details
Main Author: Luna Guerra, Antonio
Format: eBook
Language:Spanish
Published: Ciudad de Mx̌ico: Ediciones Fiscales ISEF, 2020
Subjects:
Online Access:Acceso restringido

MARC

LEADER 00000nam a22000007a 4500
005 2020052701301.0
007 cr|||| ||||
008 200527s2020 mx |||||s|||| 00||0 spa d
020 |a 978-607-541-217-7 
035 |a 31480 
040 |a vLex 
090 |c 10403  |d 10403 
100 1 |a Luna Guerra, Antonio 
245 1 0 |a Comentarios prc̀ticos al rǧimen fiscal de empresas constructoras 2020  |h [Recurso electrn̤ico] /  |c Antonio Luna Guerra 
256 |a Servicio en ln̕ea 
260 |a Ciudad de Mx̌ico:  |b Ediciones Fiscales ISEF,  |c 2020 
300 |a 1 recurso electrn̤ico 
500 |a En este libro, COMENTARIOS PRℓCTICOS AL RÉGIMEN FISCAL DE EMPRESAS CONSTRUCTORAS, se estudia lo referente a las CONSTRUCTORAS en la Ley del ISR y del IVA, as ̕como las generalidades que observamos en el CFF. La actividad de las Constructoras hoy en da̕ se encuentra en una situacin̤ favorable debido a la construccin̤ de casas habitacin̤ que se ha incrementado en los l︢timos aǫs. 
506 1 |a Disponible solo en los productos indicados  |d vLex Global  |d vLex Global (Academic Edition, excluding Law Schools)  |d vLex Global (U.S. Academic Edition, Law Schools)  |d vLex Global (U.S. Academic Edition, excluding Law Schools)  |d vLex Global (Academic Edition, Law Schools) 
650 0 4 |a Derecho Fiscal  |z Mx̌ico 
740 0 |a vLex Libros (Servicio en ln̕ea) 
856 4 0 |u http://vlex.com/source/comentarios-practicos-al-regimen-fiscal-de-empresas-constructoras-2020-31480  |z Acceso restringido 
942 |c BOOK 
999 0 |a Tax Law